000 00416nam a2200157Ia 4500
003 OSt
005 20230602101155.0
008 211028s2012 xx 000 0 und d
040 _cAIMIT LIBRARY
041 _aeng
100 _aZainaba, S Farveeda; Vanitha.
_98348
_e101911
110 _aVanitha
_98349
245 _aIndian rail info in android mobile application.
260 _aMangalore
_c2012
942 _2ddc
_cPRO
999 _c219843
_d219843